Οικονομική της ανάπτυξης
Αποθηκεύτηκε σε:
| Κύριος συγγραφέας: | |
|---|---|
| Μορφή: | Βιβλίο |
| Γλώσσα: | Greek |
| Δημοσίευση: |
Αθήνα :
Σύγχρονη Εκδοτική,
c2007
|
| Θέματα: | |
| Ετικέτες: |
Προσθήκη ετικέτας
Δεν υπάρχουν, Καταχωρήστε ετικέτα πρώτοι!
|
MARC
| LEADER | 00000cam a2200000 i 4500 | ||
|---|---|---|---|
| 001 | 1/103751 | ||
| 008 | 090406s2007 gre d | ||
| 020 | |a 978-960-6674-11-2 | ||
| 035 | |l 10104170 | ||
| 040 | |a GR-MY-UA |b gre |e aacr | ||
| 041 | 0 | |a gre | |
| 082 | 0 | |a 338.9 |2 (22) | |
| 100 | 1 | |a Αλεξανδρίδης, Μιχαήλ Α. | |
| 245 | 1 | 0 | |a Οικονομική της ανάπτυξης / |c Αλεξανδρίδης Μιχαήλ Α. |
| 260 | |a Αθήνα : |b Σύγχρονη Εκδοτική, |c c2007 | ||
| 300 | |a 368 σ.; |b πίν.; |c 24 εκ. | ||
| 504 | |a Περιλαμβάνει βιβλιογραφία | ||
| 650 | 0 | 0 | |a Economic development. |
| 852 | |a INST |b CHIOS |e 20090406 |h 338.9 ΑΛΕ |p 005200030479 |q 005200030479 |t BK |y 0 | ||
| 901 | |a BIBL2-2009-1 | ||
| 909 | |a Χ |b 147167 | ||
| 970 | |a ΒΑΣΙΛΑΚΗ |b ΝΙΚΗ |z 2009/04/06 | ||